| 000 | 00434nam a22001697a 4500 | ||
|---|---|---|---|
| 003 | CEME | ||
| 005 | 20210628203639.0 | ||
| 008 | 210318b xxu||||| |||| 00| 0 eng d | ||
| 020 | _a90-277-2762-7 | ||
| 040 | _c. | ||
| 082 | _a620.00452 REI'A | ||
| 100 |
_aBustmante, Amali S , Amendela, Aniella _966683 |
||
| 245 | _aReliability engineering | ||
| 260 |
_aBOSTON _bKLUWAR ACADEMIC _c1988 |
||
| 300 | _aVIII,568P | ||
| 942 |
_cBK _2ddc |
||
| 999 |
_c574614 _d574614 |
||